000 01160nam a22002657a 4500
999 _c370697
_d370697
001 84397
003 UA-OsUOA
005 20230504161326.0
007 ta
008 20120531b un ||||| |||| 00| 0 ukr d
020 _a978-966-313-335-5
040 _aUA-OsUOA
_bukr
_cUA-OsUOA
_dUA-OsUOA
041 _aukr
080 _a343.148
090 _a343.148
_bК49
100 _aКлименко Н. І.
245 _aСудова експертологія: курс лекцій:
_bнавч. посіб. для студ. юрид. спец. внз
260 _aК.
_bІн Юре
_c2007
300 _a528 с.
520 _aУ курсі лекцій викладено 15 лекцій з концептуальних основ судової експертології: проблеми становлення науки, її загальна теорія, правові, методологічні і науково-методичні основи.
650 7 _a343 Кримінальне право. Карні порушення
_2UDC
942 _cBK
_2udc
955 _a2